Forjadores de México : biografías / (Record no. 94579)

MARC details
000 -CABECERA
campo de control de longitud fija 00522nam a2200181 a 4500
005 - FECHA Y HORA DE LA ÚLTIMA TRANSACCIÓN
campo de control 20241011063749.0
008 - ELEMENTOS DE LONGITUD FIJA--INFORMACIÓN GENERAL
campo de control de longitud fija 030304s2000 mx r 000 0 spa d
020 ## - NÚMERO INTERNACIONAL NORMALIZADO PARA LIBROS
Número Internacional Estándar del Libro 9687854030
035 ## - NÚMERO DE CONTROL DEL SISTEMA
Número de control de sistema UPN01000122387
049 ## - COLECCIÓN
Colección C
050 #4 - SIGNATURA TOPOGRÁFICA DE LA BIBLIOTECA DEL CONGRESO
Número de clasificación CT553
Número de documento/Ítem F6.2
245 #0 - MENCIÓN DE TÍTULO
Título Forjadores de México : biografías /
Mención de responsabilidad, etc. [Presentación] J. Fco. Saldierna
260 ## - PUBLICACIÓN, DISTRIBUCIÓN, ETC.
Lugar de publicación, distribución, etc. [México] :
Nombre del editor, distribuidor, etc. EuroMéxico,
Fecha de publicación, distribución, etc. [199?].
300 ## - DESCRIPCIÓN FÍSICA
Extensión 224 p. :
Otras características físicas il., col.
651 #4 - ASIENTO SECUNDARIO DE MATERIA - NOMBRE GEOGRAFICO
Nombre geográfico México
Subdivisión de forma Biografía
9 (RLIN) 15359
651 #4 - ASIENTO SECUNDARIO DE MATERIA - NOMBRE GEOGRAFICO
Nombre geográfico México
Subdivisión general Historia
9 (RLIN) 4558
905 ## - TIPO DE MATERIAL
Tipo de material Libro
Holdings
Estado de retiro Estado de pérdida Fuente del sistema de clasificación o colocación Estado dañado No para préstamo Código de colección Localización permanente Ubicación/localización actual Ubicación en estantería Enumeración/cronología de publicación seriada Total de préstamos Clasificación Código de barras Fecha visto por última vez Número de copia Tipo de ítem Koha
    Library of Congress Classification   Consulta Consulta Bib. Gregorio Torres Quintero Bib. Gregorio Torres Quintero Sala de lectura Sótano -   CT553 F6.2 199812 31/12/2020 1 Libro